[Event "V Open Escacs Xàtiva"]
[Site "Xàtiva, Spain"]
[Date "2019.07.15"]
[Round "1.1"]
[White "Kocharyan Baghdasaryan, Arman"]
[Black "Megias Chafer, Alejandro"]
[Result "0-1"]
[WhiteElo "1620"]
[BlackElo "2119"]
[PlyCount "128"]
[EventDate "2019.??.??"]

1. e4 {[%clk 01:30:48]  [%emt 00:00:22]} 1... c5 {
[%clk 01:30:46]  [%emt 00:00:12]} 2. Nf3 {[%clk 01:31:01]  [%emt 00:00:12]}
2... d6 {[%clk 01:31:02]  [%emt 00:00:20]} 3. d4 {
[%clk 01:31:17]  [%emt 00:00:07]} 3... cxd4 {[%clk 01:31:15]  [%emt 00:00:26]}
4. c3 {[%clk 01:31:39]  [%emt 00:00:04]} 4... d3 {
[%clk 01:29:55]  [%emt 00:01:45]} 5. Bxd3 {[%clk 01:31:37]  [%emt 00:00:37]}
5... Nc6 {[%clk 01:29:36]  [%emt 00:00:44]} 6. O-O {
[%clk 01:31:07]  [%emt 00:00:58]} 6... Bg4 {[%clk 01:28:51]  [%emt 00:01:26]}
7. Nbd2 {[%clk 01:29:59]  [%emt 00:01:29]} 7... Nf6 {
[%clk 01:23:04]  [%emt 00:06:15]} 8. h3 {[%clk 01:22:27]  [%emt 00:08:02]} 8...
Bxf3 {[%clk 01:22:34]  [%emt 00:01:00]} 9. Nxf3 {
[%clk 01:22:45]  [%emt 00:00:21]} 9... g6 {[%clk 01:22:28]  [%emt 00:00:26]}
10. Re1 {[%clk 01:08:52]  [%emt 00:14:27]} 10... Bg7 {
[%clk 01:22:46]  [%emt 00:00:10]} 11. Bc4 {[%emt 00:02:08]} 11... O-O {
[%clk 01:22:50]  [%emt 00:00:12]} 12. Bf4 {[%clk 01:04:58]  [%emt 00:03:00]}
12... Rc8 {[%clk 01:22:18]  [%emt 00:01:12]} 13. Qe2 {
[%clk 00:54:37]  [%emt 00:10:41]} 13... Qa5 {[%clk 01:20:55]  [%emt 00:01:54]}
14. Rad1 {[%clk 00:45:26]  [%emt 00:09:38]} 14... a6 {
[%clk 01:20:07]  [%emt 00:01:21]} 15. a3 {[%clk 00:39:49]  [%emt 00:06:07]}
15... b5 {[%clk 01:19:36]  [%emt 00:00:57]} 16. Bd5 {
[%clk 00:38:34]  [%emt 00:01:55]} 16... Nd7 {[%clk 01:17:15]  [%emt 00:02:54]}
17. Bxc6 {[%clk 00:35:07]  [%emt 00:03:57]} 17... Rxc6 {[%clk 01:17:40]} 18. e5
{[%clk 00:35:18]  [%emt 00:00:12]} 18... Nxe5 {[%clk 01:17:44]  [%emt 00:00:48]
} 19. Nxe5 {[%clk 00:35:37]} 19... dxe5 {[%clk 01:18:09]  [%emt 00:00:10]} 20.
Bxe5 {[%clk 00:35:35]  [%emt 00:00:15]} 20... Re6 {
[%clk 01:16:46]  [%emt 00:01:53]} 21. f4 {[%clk 00:30:24]  [%emt 00:05:44]}
21... Qb6+ {[%clk 01:16:13]  [%emt 00:01:03]} 22. Qf2 {
[%clk 00:30:33]  [%emt 00:00:20]} 22... Qxf2+ {[%clk 01:13:29]  [%emt 00:03:18]
} 23. Kxf2 {[%clk 00:30:49]  [%emt 00:00:08]} 23... f6 {
[%clk 01:08:45]  [%emt 00:05:13]} 24. Bc7 {[%clk 00:28:19]  [%emt 00:03:02]}
24... Kf7 {[%clk 01:06:53]  [%emt 00:02:20]} 25. Rxe6 {
[%clk 00:12:00]  [%emt 00:16:56]} 25... Kxe6 {[%clk 01:07:17]  [%emt 00:00:03]}
26. Rd8 {[%emt 00:00:46]} 26... Rxd8 {[%clk 01:06:20]  [%emt 00:01:18]} 27.
Bxd8 {[%clk 00:12:12]  [%emt 00:00:07]} 27... Bh6 {
[%clk 01:05:07]  [%emt 00:02:07]} 28. Kf3 {[%clk 00:11:03]  [%emt 00:01:25]}
28... Kd7 {[%clk 01:05:09]  [%emt 00:00:30]} 29. Ba5 {
[%clk 00:11:12]  [%emt 00:00:09]} 29... e6 {[%clk 01:02:09]  [%emt 00:03:32]}
30. g4 {[%clk 00:06:03]  [%emt 00:05:44]} 30... Kd6 {
[%clk 01:01:08]  [%emt 00:01:24]} 31. Ke4 {[%clk 00:04:43]  [%emt 00:01:50]}
31... f5+ {[%clk 01:00:59]  [%emt 00:00:46]} 32. Kf3 {
[%clk 00:04:00]  [%emt 00:01:10]} 32... Kd5 {[%clk 01:01:03]  [%emt 00:00:22]}
33. b3 {[%clk 00:04:08]  [%emt 00:00:23]} 33... Bg7 {
[%clk 00:59:45]  [%emt 00:01:47]} 34. gxf5 {[%clk 00:01:29]  [%emt 00:03:16]}
34... gxf5 {[%clk 00:59:09]  [%emt 00:00:59]} 35. Bb4 {
[%clk 00:01:07]  [%emt 00:00:54]} 35... Bf6 {[%clk 00:58:48]  [%emt 00:00:59]}
36. Ke3 {[%clk 00:00:45]  [%emt 00:00:43]} 36... Bd8 {
[%clk 00:56:36]  [%emt 00:02:42]} 37. Kd3 {[%clk 00:00:44]  [%emt 00:00:31]}
37... Bc7 {[%clk 00:55:41]  [%emt 00:01:25]} 38. c4+ {
[%clk 00:00:36]  [%emt 00:00:44]} 38... bxc4+ {[%clk 00:55:05]  [%emt 00:01:14]
} 39. bxc4+ {[%clk 00:00:54]  [%emt 00:00:03]} 39... Kc6 {
[%clk 00:55:28]  [%emt 00:00:05]} 40. Bd2 {[%clk 00:00:36]  [%emt 00:00:55]}
40... Bd6 {[%clk 00:53:20]  [%emt 00:02:28]} 41. Kd4 {
[%clk 00:00:33]  [%emt 00:00:52]} 41... Bxa3 {[%clk 00:52:51]  [%emt 00:00:42]}
42. Ke5 {[%clk 00:00:35]  [%emt 00:00:34]} 42... Kd7 {
[%clk 00:53:11]  [%emt 00:00:15]} 43. Kf6 {[%clk 00:00:38]  [%emt 00:00:14]}
43... Bb2+ {[%clk 00:53:05]  [%emt 00:00:36]} 44. Kg5 {
[%clk 00:00:32]  [%emt 00:00:36]} 44... Bg7 {[%clk 00:53:21]  [%emt 00:00:13]}
45. h4 {[%clk 00:00:45]  [%emt 00:00:21]} 45... Kc6 {
[%clk 00:53:39]  [%emt 00:00:19]} 46. Bb4 {[%clk 00:00:55]  [%emt 00:00:28]}
46... Kb6 {[%clk 00:53:29]  [%emt 00:00:22]} 47. h5 {
[%clk 00:00:55]  [%emt 00:00:29]} 47... a5 {[%clk 00:53:29]  [%emt 00:00:40]}
48. Be7 {[%clk 00:00:56]  [%emt 00:00:21]} 48... a4 {
[%clk 00:53:27]  [%emt 00:00:31]} 49. Ba3 {[%clk 00:01:12]  [%emt 00:00:16]}
49... Kc6 {[%clk 00:52:59]  [%emt 00:00:56]} 50. Bb4 {
[%clk 00:01:26]  [%emt 00:00:38]} 50... Kd7 {[%clk 00:52:58]  [%emt 00:00:39]}
51. Ba3 {[%clk 00:01:21]  [%emt 00:00:16]} 51... Ke8 {
[%clk 00:53:20]  [%emt 00:00:04]} 52. Bb4 {[%clk 00:01:05]  [%emt 00:00:39]}
52... Kf7 {[%clk 00:53:45]  [%emt 00:00:07]} 53. Ba3 {
[%clk 00:00:57]  [%emt 00:00:36]} 53... h6+ {[%clk 00:54:00]  [%emt 00:00:14]}
54. Kh4 {[%clk 00:01:18]  [%emt 00:00:10]} 54... Bf8 {
[%clk 00:53:50]  [%emt 00:00:38]} 55. Bb2 {[%clk 00:00:49]  [%emt 00:01:01]}
55... a3 {[%clk 00:54:07]  [%emt 00:00:11]} 56. Bxa3 {
[%clk 00:01:03]  [%emt 00:00:20]} 56... Bxa3 {[%clk 00:54:30]  [%emt 00:00:05]}
57. Kg3 {[%clk 00:01:30]  [%emt 00:00:04]} 57... Kf6 {
[%clk 00:54:51]  [%emt 00:00:09]} 58. Kf3 {[%clk 00:01:53]  [%emt 00:00:10]}
58... e5 {[%clk 00:55:15]  [%emt 00:00:06]} 59. fxe5+ {
[%clk 00:01:55]  [%emt 00:00:25]} 59... Kxe5 {[%clk 00:55:39]  [%emt 00:00:41]}
60. Ke3 {[%clk 00:02:03]  [%emt 00:00:04]} 60... Bc5+ {[%clk 00:56:07]} 61. Kf3
{[%clk 00:02:22]  [%emt 00:00:04]} 61... f4 {[%clk 00:56:31]} 62. Ke2 {
[%clk 00:02:19]  [%emt 00:00:29]} 62... Ke4 {[%clk 00:56:55]  [%emt 00:00:10]}
63. Kf1 {[%clk 00:02:19]  [%emt 00:00:27]} 63... f3 {
[%clk 00:57:18]  [%emt 00:00:09]} 64. Ke1 {[%clk 00:02:34]  [%emt 00:00:31]}
64... Ke3 {[%clk 00:57:37]} 0-1

[Event "V Open Escacs Xàtiva"]
[Site "Xàtiva, Spain"]
[Date "2019.07.15"]
[Round "1.2"]
[White "Iagar, Razvan-Gabriel"]
[Black "Morant Gomar, Sergio"]
[Result "1-0"]
[WhiteElo "2138"]
[BlackElo "1653"]
[PlyCount "63"]
[EventDate "2019.??.??"]

1. d4 {[%clk 01:30:58]  [%emt 00:00:37]} 1... Nf6 {
[%clk 01:30:43]  [%emt 00:00:05]} 2. Nf3 {[%clk 01:31:09]  [%emt 00:00:04]}
2... e6 {[%clk 01:30:46]  [%emt 00:00:20]} 3. c4 {
[%clk 01:31:27]  [%emt 00:00:28]} 3... d5 {[%clk 01:30:08]  [%emt 00:00:58]} 4.
Nc3 {[%clk 01:31:46]  [%emt 00:00:07]} 4... c6 {
[%clk 01:30:18]  [%emt 00:00:20]} 5. e3 {[%clk 01:32:02]  [%emt 00:00:14]} 5...
Bd6 {[%clk 01:30:01]  [%emt 00:01:10]} 6. Qc2 {[%clk 01:31:43]  [%emt 00:00:27]
} 6... Nbd7 {[%clk 01:28:14]  [%emt 00:02:14]} 7. Bd3 {
[%clk 01:32:08]  [%emt 00:00:20]} 7... dxc4 {[%clk 01:27:49]  [%emt 00:00:39]}
8. Bxc4 {[%clk 01:32:33]  [%emt 00:00:36]} 8... Nb6 {[%clk 01:28:02]} 9. Bd3 {
[%clk 01:31:49]  [%emt 00:00:58]} 9... Nbd5 {[%clk 01:27:44]  [%emt 00:00:49]}
10. a3 {[%clk 01:31:41]  [%emt 00:00:39]} 10... Qa5 {
[%clk 01:26:09]  [%emt 00:02:07]} 11. O-O {[%clk 01:26:29]  [%emt 00:05:40]}
11... O-O {[%clk 01:20:49]  [%emt 00:05:50]} 12. Bd2 {
[%clk 01:17:41]  [%emt 00:09:42]} 12... Qc7 {[%clk 01:20:24]  [%emt 00:00:30]}
13. e4 {[%clk 01:17:04]  [%emt 00:01:07]} 13... Nxc3 {
[%clk 01:13:00]  [%emt 00:07:54]} 14. Bxc3 {[%clk 01:16:49]  [%emt 00:00:48]}
14... Be7 {[%clk 01:10:42]  [%emt 00:02:46]} 15. e5 {
[%clk 01:17:03]  [%emt 00:00:20]} 15... Nd5 {[%clk 01:10:32]  [%emt 00:00:38]}
16. Bxh7+ {[%clk 01:17:10]  [%emt 00:00:23]} 16... Kh8 {
[%clk 01:10:34]  [%emt 00:00:26]} 17. Be4 {[%clk 01:17:06]  [%emt 00:01:07]}
17... Rg8 {[%clk 01:08:12]  [%emt 00:03:05]} 18. Bd2 {
[%clk 01:13:28]  [%emt 00:03:25]} 18... Qd8 {[%clk 01:06:37]  [%emt 00:02:03]}
19. h3 {[%clk 01:07:55]  [%emt 00:06:02]} 19... Bd7 {
[%clk 01:06:33]  [%emt 00:00:35]} 20. Qd1 {[%clk 01:07:37]  [%emt 00:00:47]}
20... g6 {[%clk 01:05:59]  [%emt 00:01:07]} 21. Qc1 {
[%clk 01:06:52]  [%emt 00:01:13]} 21... Rg7 {[%clk 01:03:19]  [%emt 00:03:12]}
22. Bh6 {[%clk 01:05:47]  [%emt 00:01:32]} 22... Rh7 {
[%clk 01:03:00]  [%emt 00:00:50]} 23. Ng5 {[%clk 00:58:30]  [%emt 00:08:02]}
23... Bxg5 {[%clk 01:03:11]  [%emt 00:00:11]} 24. Bxg5 {[%clk 00:58:59]} 24...
Qe8 {[%clk 01:03:03]  [%emt 00:00:34]} 25. Rd1 {
[%clk 00:57:46]  [%emt 00:01:41]} 25... Rh5 {[%clk 01:02:06]  [%emt 00:01:48]}
26. Rd3 {[%clk 00:57:17]  [%emt 00:00:37]} 26... Rc8 {
[%clk 01:01:20]  [%emt 00:01:17]} 27. g4 {[%clk 00:53:29]  [%emt 00:04:21]}
27... Rh7 {[%clk 01:00:58]  [%emt 00:00:50]} 28. h4 {
[%clk 00:53:17]  [%emt 00:00:46]} 28... b6 {[%clk 01:00:42]  [%emt 00:01:11]}
29. b4 {[%clk 00:52:11]  [%emt 00:01:07]} 29... Qf8 {
[%clk 00:55:45]  [%emt 00:05:26]} 30. h5 {[%clk 00:51:43]  [%emt 00:00:58]}
30... Be8 {[%clk 00:55:57]  [%emt 00:00:18]} 31. Rf3 {
[%clk 00:51:08]  [%emt 00:01:05]} 31... Rg7 {[%clk 00:52:22]  [%emt 00:04:17]}
32. hxg6 {[%emt 00:04:02]} 1-0

[Event "V Open Escacs Xàtiva"]
[Site "Xàtiva, Spain"]
[Date "2019.07.15"]
[Round "1.3"]
[White "Pallas Moragues, Gerard"]
[Black "Chernikov, Vladimir"]
[Result "0-1"]
[WhiteElo "1667"]
[BlackElo "2301"]
[PlyCount "54"]
[EventDate "2019.??.??"]

1. e4 {[%clk 01:30:57]  [%emt 00:00:06]} 1... g6 {
[%clk 01:30:55]  [%emt 00:00:04]} 2. d4 {[%clk 01:31:18]  [%emt 00:00:14]} 2...
Bg7 {[%clk 01:31:19]  [%emt 00:00:03]} 3. Nc3 {[%clk 01:31:23]  [%emt 00:00:21]
} 3... d6 {[%clk 01:31:43]  [%emt 00:00:29]} 4. Be3 {
[%clk 01:31:02]  [%emt 00:00:29]} 4... Nd7 {[%clk 01:31:57]  [%emt 00:00:23]}
5. f3 {[%clk 01:30:13]  [%emt 00:01:20]} 5... a6 {
[%clk 01:32:08]  [%emt 00:00:34]} 6. Qd2 {[%clk 01:28:22]  [%emt 00:01:57]}
6... b5 {[%clk 01:32:30]  [%emt 00:00:11]} 7. g4 {
[%clk 01:25:59]  [%emt 00:02:50]} 7... Bb7 {[%clk 01:32:13]  [%emt 00:00:54]}
8. O-O-O {[%clk 01:23:14]  [%emt 00:03:08]} 8... Nb6 {
[%clk 01:29:23]  [%emt 00:03:24]} 9. h4 {[%clk 01:17:36]  [%emt 00:06:06]} 9...
h5 {[%clk 01:26:36]  [%emt 00:03:23]} 10. g5 {[%clk 01:14:38]  [%emt 00:03:26]}
10... e6 {[%clk 01:26:16]  [%emt 00:01:07]} 11. Nh3 {
[%clk 01:04:20]  [%emt 00:10:25]} 11... Ne7 {[%clk 01:24:49]  [%emt 00:01:57]}
12. Bd3 {[%clk 00:53:40]  [%emt 00:11:09]} 12... d5 {
[%clk 01:17:48]  [%emt 00:07:32]} 13. Rhf1 {[%clk 00:45:45]  [%emt 00:08:24]}
13... O-O {[%clk 01:16:32]  [%emt 00:02:07]} 14. e5 {
[%clk 00:45:08]  [%emt 00:00:47]} 14... c5 {[%clk 01:14:55]  [%emt 00:02:13]}
15. f4 {[%clk 00:34:38]  [%emt 00:10:53]} 15... c4 {
[%clk 01:09:31]  [%emt 00:05:54]} 16. Be2 {[%clk 00:34:48]  [%emt 00:00:20]}
16... Nf5 {[%clk 01:09:09]  [%emt 00:01:02]} 17. Bf2 {
[%clk 00:32:23]  [%emt 00:02:45]} 17... b4 {[%clk 01:08:40]  [%emt 00:01:02]}
18. Nb1 {[%clk 00:32:26]  [%emt 00:00:27]} 18... c3 {
[%clk 01:08:52]  [%emt 00:00:16]} 19. bxc3 {[%clk 00:30:20]  [%emt 00:02:45]}
19... bxc3 {[%clk 01:09:07]  [%emt 00:00:11]} 20. Nxc3 {
[%clk 00:28:24]  [%emt 00:02:26]} 20... Qc7 {[%clk 01:08:36]  [%emt 00:01:28]}
21. Bd3 {[%clk 00:25:20]  [%emt 00:03:02]} 21... Rfc8 {
[%clk 01:08:57]  [%emt 00:00:21]} 22. Ne2 {[%clk 00:24:29]  [%emt 00:01:22]}
22... Rab8 {[%clk 01:07:48]  [%emt 00:01:26]} 23. c3 {
[%clk 00:22:41]  [%emt 00:02:22]} 23... Bf8 {[%clk 01:07:52]  [%emt 00:00:32]}
24. Be1 {[%clk 00:15:16]  [%emt 00:07:52]} 24... Ba3+ {
[%clk 01:07:50]  [%emt 00:00:25]} 25. Kb1 {[%clk 00:15:21]  [%emt 00:00:58]}
25... Nc4 {[%clk 01:07:41]  [%emt 00:00:10]} 26. Bxc4 {
[%clk 00:15:15]  [%emt 00:01:06]} 26... dxc4 {[%clk 01:08:06]  [%emt 00:00:03]}
27. Nc1 {[%clk 00:14:04]  [%emt 00:01:08]} 27... Be4+ {
[%clk 01:08:27]  [%emt 00:00:41]} 0-1

[Event "V Open Escacs Xàtiva"]
[Site "Xàtiva, Spain"]
[Date "2019.07.15"]
[Round "1.4"]
[White "Cruz Lledo, Pablo"]
[Black "Moreno Gonzalez, Pablo"]
[Result "1-0"]
[WhiteElo "2442"]
[BlackElo "1688"]
[PlyCount "39"]
[EventDate "2019.??.??"]

1. d4 {[%clk 01:30:31]  [%emt 00:00:48]} 1... e6 {
[%clk 01:30:45]  [%emt 00:00:17]} 2. c4 {[%clk 01:30:00]  [%emt 00:00:43]} 2...
f5 {[%clk 01:30:57]  [%emt 00:00:19]} 3. Nc3 {[%clk 01:27:54]  [%emt 00:02:32]}
3... Nf6 {[%clk 01:31:09]  [%emt 00:00:18]} 4. e3 {
[%clk 01:27:59]  [%emt 00:00:33]} 4... d5 {[%clk 01:30:46]  [%emt 00:00:48]} 5.
Bd3 {[%clk 01:28:03]  [%emt 00:00:28]} 5... c6 {
[%clk 01:30:51]  [%emt 00:00:25]} 6. Nge2 {[%clk 01:28:24]  [%emt 00:00:05]}
6... Bd6 {[%clk 01:30:47]  [%emt 00:01:00]} 7. f3 {
[%clk 01:28:29]  [%emt 00:00:10]} 7... O-O {[%clk 01:29:21]  [%emt 00:02:12]}
8. O-O {[%clk 01:28:55]} 8... Qc7 {[%clk 01:26:10]  [%emt 00:03:17]} 9. g3 {
[%clk 01:29:20]  [%emt 00:00:14]} 9... Qf7 {[%clk 01:25:27]  [%emt 00:01:05]}
10. Qc2 {[%clk 01:28:50]  [%emt 00:01:00]} 10... Bc7 {
[%clk 01:20:11]  [%emt 00:05:48]} 11. e4 {[%clk 01:28:38]  [%emt 00:00:51]}
11... Ne8 {[%clk 01:17:42]  [%emt 00:03:10]} 12. exd5 {
[%clk 01:26:12]  [%emt 00:03:43]} 12... exd5 {[%clk 01:13:09]  [%emt 00:03:56]}
13. cxd5 {[%clk 01:26:33]  [%emt 00:00:13]} 13... cxd5 {
[%clk 01:13:23]  [%emt 00:00:43]} 14. Nxd5 {[%clk 01:26:46]  [%emt 00:00:03]}
14... Nc6 {[%clk 01:11:37]  [%emt 00:01:57]} 15. Bf4 {
[%clk 01:13:18]  [%emt 00:14:06]} 15... Bd6 {[%clk 01:00:34]  [%emt 00:11:44]}
16. b3 {[%clk 00:45:18]  [%emt 00:28:11]} 16... Kh8 {
[%clk 00:44:10]  [%emt 00:16:55]} 17. Bxd6 {[%clk 00:44:17]  [%emt 00:01:29]}
17... Nxd6 {[%clk 00:40:12]  [%emt 00:04:34]} 18. Qc5 {
[%clk 00:44:39]  [%emt 00:00:12]} 18... Be6 {[%clk 00:30:04]  [%emt 00:10:31]}
19. Ndf4 {[%clk 00:44:43]  [%emt 00:00:24]} 19... Rfd8 {
[%clk 00:30:05]  [%emt 00:00:50]} 20. d5 {[%clk 00:44:06]  [%emt 00:00:47]} 1-0

[Event "V Open Escacs Xàtiva"]
[Site "Xàtiva, Spain"]
[Date "2019.07.15"]
[Round "1.5"]
[White "Cebolla Ruiz, David"]
[Black "Hassomal Daswani, Birjkumar"]
[Result "0-1"]
[WhiteElo "1473"]
[BlackElo "1994"]
[PlyCount "38"]
[EventDate "2019.??.??"]

1. e4 {[%clk 01:30:56]  [%emt 00:00:26]} 1... c5 {
[%clk 01:30:56]  [%emt 00:00:14]} 2. Nf3 {[%clk 01:31:13]} 2... e6 {
[%clk 01:31:24]} 3. d4 {[%clk 01:31:25]  [%emt 00:00:03]} 3... cxd4 {
[%clk 01:31:49]  [%emt 00:00:51]} 4. Nxd4 {[%clk 01:31:42]} 4... Bc5 {
[%clk 01:32:16]} 5. Nc3 {[%clk 01:31:13]  [%emt 00:00:24]} 5... Qb6 {
[%clk 01:32:23]  [%emt 00:00:22]} 6. Nce2 {[%clk 01:23:34]  [%emt 00:08:16]}
6... Nc6 {[%clk 01:32:30]  [%emt 00:00:45]} 7. c3 {
[%clk 01:22:14]  [%emt 00:01:19]} 7... Nf6 {[%clk 01:32:42]  [%emt 00:00:51]}
8. f3 {[%clk 01:19:11]  [%emt 00:03:13]} 8... e5 {
[%clk 01:32:11]  [%emt 00:01:55]} 9. Nf5 {[%clk 01:13:51]  [%emt 00:05:14]}
9... Bf2+ {[%clk 01:32:07]  [%emt 00:00:19]} 10. Kd2 {
[%clk 01:14:12]  [%emt 00:00:25]} 10... O-O {[%clk 01:31:26]  [%emt 00:01:17]}
11. Kc2 {[%clk 01:07:03]  [%emt 00:07:01]} 11... d5 {
[%clk 01:31:31]  [%emt 00:00:29]} 12. Nd6 {[%clk 01:04:07]  [%emt 00:03:25]}
12... Be6 {[%clk 01:30:41]  [%emt 00:01:16]} 13. Bg5 {
[%clk 00:58:42]  [%emt 00:07:12]} 13... Rfd8 {[%clk 01:30:13]} 14. Bxf6 {
[%clk 00:52:30]  [%emt 00:06:28]} 14... Rxd6 {[%clk 01:29:45]  [%emt 00:00:54]}
15. Bg5 {[%clk 00:51:47]  [%emt 00:01:50]} 15... f6 {
[%clk 01:29:37]  [%emt 00:00:10]} 16. Bc1 {[%clk 00:51:37]  [%emt 00:01:22]}
16... Rad8 {[%clk 01:29:13]  [%emt 00:00:11]} 17. Kb1 {
[%clk 00:45:04]  [%emt 00:07:21]} 17... dxe4 {[%clk 01:27:05]  [%emt 00:02:17]}
18. Qa4 {[%clk 00:43:25]  [%emt 00:02:05]} 18... exf3 {
[%clk 01:27:16]  [%emt 00:01:23]} 19. gxf3 {[%clk 00:43:22]} 19... Bf5+ {
[%clk 01:27:30]} 0-1